Beginning Visual C# 2005 Express Edition From Novice to Professional /
Guardado en:
| Autor Principal: | |
|---|---|
| Autor Corporativo: | |
| Formato: | Electrónico |
| Idioma: | English |
| Publicado: |
Berkeley, CA :
Peter Wright,
2006.
|
| Materias: | |
| Acceso en línea: | SpringerLink, via BECYT |
| Etiquetas: |
Agregar Etiqueta
Sin Etiquetas, Sea el primero en etiquetar este registro!
|
| LEADER | 00704nmm a22002055u 4500 | ||
|---|---|---|---|
| 001 | springer.978-1-59059-549-7 | ||
| 003 | Springer | ||
| 005 | 20100326154258.0 | ||
| 007 | cr#nn#008mamaa | ||
| 008 | 100301s2006 xx j eng#d | ||
| 020 | |a 9781430201670 | ||
| 100 | 1 | |a Wright, Peter. | |
| 245 | 1 | 0 | |a Beginning Visual C# 2005 Express Edition |h [electronic resource] : |b From Novice to Professional / |c by Peter Wright. |
| 260 | |a Berkeley, CA : |b Peter Wright, |c 2006. | ||
| 300 | |b v.: digital | ||
| 650 | 0 | |a Computer science | |
| 650 | 1 | 4 | |a Computer Science |
| 650 | 2 | 4 | |a Programming Techniques |
| 710 | 2 | |a SpringerLink (Online service) | |
| 856 | 4 | 0 | |u http://dx.doi.org/10.1007/978-1-4302-0167-0 |y SpringerLink, via BECYT |
